LABOUR AND INDUSTRIAL CASES [1971] V-4 JOURNAL (Record no. 7317)

MARC details
000 -LEADER
fixed length control field 00381nam a22001457a 4500
005 - DATE AND TIME OF LATEST TRANSACTION
control field 20200619141152.0
008 - FIXED-LENGTH DATA ELEMENTS--GENERAL INFORMATION
fixed length control field 200619b xxu||||| |||| 00| 0 eng d
082 ## - DEWEY DECIMAL CLASSIFICATION NUMBER
Classification number 345.4 LIC
110 ## - MAIN ENTRY--CORPORATE NAME
Corporate name or jurisdiction name as entry element ALL INDIA REPORTER
245 ## - TITLE STATEMENT
Title LABOUR AND INDUSTRIAL CASES [1971] V-4 JOURNAL
260 ## - PUBLICATION, DISTRIBUTION, ETC. (IMPRINT)
Place of publication MUMBAI
Name of publisher ALL INDIA REPORTER Pvt
300 ## - PHYSICAL DESCRIPTION
Number of Pages 832p
650 ## - SUBJECT ADDED ENTRY--TOPICAL TERM
Topical Term LAW
942 ## - ADDED ENTRY ELEMENTS (KOHA)
Koha item type Journals/Serial
Holdings
Lost status Damaged status Collection code Home library Current library Shelving location Date acquired Full call number Accession Number Koha item type
    LAW JRU Library JRU Library SHELF-40-D 01/07/2020 345.4 LIC 24883 Journals/Serial